000 00929 a2200241 4500
999 _c1544
_d1544
020 _a9780073526997 (alk. paper)
020 _a0073526991 (alk. paper)
050 0 0 _aHF5635. FIN2010
100 _aWilliams, Jan R
245 0 0 _aFinancial & managerial accounting :
_bthe basis for business decisions /
_cJan R. Williams ... [et al.].
250 _a15th ed.
264 _aBoston:
_bMcGraw hill.,
_c2010
300 _a1 v. (various pagings) :1153 pages
_bill. (chiefly col.) ;
500 _aIncludes bibliographical references and index.
504 _aIncludes bibliographical references and index.
650 0 _aAccounting.
700 1 _aWilliams, Jan R.
700 1 _aSusan F Haka
700 1 _aMark S Bettner
700 1 _aJoseph Carcello
942 _2lcc
_cBK
_e15th
_h5635
_iWIL
_kHF